000 00869nam a22002417a 4500
001 2175
005 20231113085118.0
020 _a9789814235211
040 _aFISKH
_beng
_cFISKH
_dFISKH
082 _a516
100 _aTan, Janet
245 _aMy mini maths book : measures and graphs /
_cStimulates learning ability in Mathematics Improves observation and analytical skills aids application of mathematics in daily life Janet tan B.B.A.
260 _aSingapore :
_bEducational Publishing House Pte Ltd,
_c2007
300 _a53 pages :
_c24 cm
505 _aK
520 _aStimulates learning ability in Mathematics, Improves observation and analytical skills, and aids application of mathematics in daily life.
521 _a500
_bLexile estimate
521 _aK
_bRaz-Plus
650 _aMaths
650 _ameasure
650 _aGraph
942 _2ddc
_cBK
_n0
999 _c2175
_d2175